Sagarana (Record no. 154274)

MARC details
000 -LÍDER
campo de controle de tamanho fixo 00344 a2200157 4500
001 - NÚMERO DE CONTROLE
campo de controle 154274
040 ## - FONTE DA CATALOGAÇÃO
Instituição que transcreveu o registro Escola São Tomás de Aquino
100 ## - ENTRADA PRINCIPAL--NOME PESSOAL
Nome pessoal ROSA, João Guimarães
240 10 - TÍTULO UNIFORME
Título uniforme Sagarana
Idioma da obra por
245 10 - TÍTULO
Título Sagarana
300 ## - DESCRIÇÃO FÍSICA
Extensão 413
362 0# - DATAS DE PUBLICAÇÃO E/OU DESIGNAÇÃO SEQUENCIAL
Datas de publicação e/ou designação sequencial 2001
440 #1 - DECLARAÇÃO DE SÉRIE/ENTRADA ADICIONADA--TÍTULO
Título Nova Fronteira
697 ## - ENTRADA DE ASSUNTO LOCAL--ENTIDADE COLETIVA (RLIN)
Nome corporativo ou nome da jurisdição LITERATURA BRASILEIRA
942 ## - ELEMENTOS DE ENTRADA ADICIONADOS (KOHA)
Tipo de material Koha Livros
Holdings
Situação do descarte Situação das perdas Situação física Não pode ser emprestado Biblioteca de origem Biblioteca atual Data de aquisição Total de empréstimos Número de chamada completo Código de barras Data de último acesso Data do preço efetivo Tipo de material Koha Fonte da classificação ou esquema de arquivamento na estante
        Domus - Itaim Bibi Domus - Itaim Bibi 29/08/2024   869.3 R694s 9788563223791 29/08/2024 29/08/2024 Livros Classificação Decimal de Dewey
        ESTA - SÃO BENTO ESTA - SÃO BENTO 30/04/2024   B869 ROS SAG EST00008342 30/04/2024 30/04/2024 Livros